000
00281nam a2200109 4500
999
_c
9650
_d
9650
003
OSt
005
20211127113206.0
008
211127b ||||| |||| 00| 0 eng d
245
_a
Pools and Spas in Hotels and Resorts Resorts
260
_a
Design Media publishing limited
942
_2
ddc